000
00336nam a2200145Ia 4500
008
150201s2008 xx 000 0 und d
082
_a
616.8
_b
C2008M
100
_a
MISRA,UK
245
_a
CLINICAL NEUROPHYSIOLOGY
250
_a
2ND
260
_b
ELSEVIER
_a
DELHI
_c
2008
300
_a
1-464
650
_a
PHYSIOTHERAPY
942
_2
ddc
_c
BK
999
_c
4332
_d
4332